000 00884nam a2200277Ia 4500
001 22101
005 20260416140012.0
008 260320s9999||||xx |||||||||||||| ||und||
020 _a9786074487671
041 _aESP
082 _a616.079
_bM97
100 _aMurphy, Kenneth,
_eAUT
245 0 _aInmunología de Janeway
246 _aJaneway's immunobiology
250 _aPrimera edición
260 _aCiudad de México :
_bManual Moderno,
_c2019
300 _axx, 803 páginas :
_bfiguras ;
_c28 cm.
650 _aCIS
653 _aMedicina; Enfermedades; Inmunología
654 _aCCS
700 _aWeaver, Casey
_eAUT
700 _aMowat, Allan
_eAUT
700 _aBerg, Geslie
_eAUT
856 _uhttps://0u216rxm3-y-https-accessmedicina-mhmedical-com.itmsp.museknowledge.com/
_zVéase además: Base de datos McGraw Hill Access Medicina
942 _cLIB
_dJUS
_fTRC
_2ddc
999 _c22101
_d22101